La religieuse dans la littérature francaise

Spremljeno u:
Bibliografski detalji
Glavni autor: Ponton, Jeanne
Format: Knjiga
Jezik:Undetermined
Izdano: Quebec, Canadá Université Laval 1969
Teme:
Oznake: Dodaj oznaku
Bez oznaka, Budi prvi tko označuje ovaj zapis!

MARC

LEADER 00000nam a2200000Ia 4500
008 170316s9999 xx 000 0 und d
040 |a cru BVZT 
090 |a C-840 P-1r 
100 |a Ponton, Jeanne 
245 |a La religieuse dans la littérature francaise 
260 |a Quebec, Canadá 
260 |b Université Laval 
260 |c 1969 
300 |a 450 páginas 
650 |a LITERATURA FRANCESA 
650 |a CRÍTICA 
999 |c 13014  |d 13014 
942 |c 15 D  |h C-840 P-1r  |2 z